Analytical Processes and Pricing Methods of Controlled Transactions

Stav riešenej problematiky doma a v zahraničí. Zákonom definované prepojenie závislých osôb. Základné pravidlá transferového oceňovania. Metódy transferového oceňovania a ich teoretické východiská. Využitie analýzy porovnateľnosti pri transferovom oceňovaní. Proces analýzy porovnateľnosti pri transf...

Ausführliche Beschreibung

Gespeichert in:
Bibliographische Detailangaben
1. Verfasser: Harumová, Anna, 1955-
Weitere Verfasser: Kubica, Milan, 1958-
Format: Buchkapitel
Sprache:Slowakisch
Tags: Tag hinzufügen
Keine Tags, Fügen Sie das erste Tag hinzu!

MARC

LEADER 00000naa$a2200000$$$4500
001 0254484
005 20240502074052.6
041 0 |a slo 
044 |a SK 
245 1 0 |a Analytical Processes and Pricing Methods of Controlled Transactions  |c Anna Harumová, Milan Kubica 
520 |a Stav riešenej problematiky doma a v zahraničí. Zákonom definované prepojenie závislých osôb. Základné pravidlá transferového oceňovania. Metódy transferového oceňovania a ich teoretické východiská. Využitie analýzy porovnateľnosti pri transferovom oceňovaní. Proces analýzy porovnateľnosti pri transferovom oceňovaní. Model analýzy porovnateľnosti ,, Best – Practice – Model.“ Funkčná a riziková analýza pri transferovom oceňovaní. 
100 1 |a Harumová, Anna, 1955- 
700 1 |a Kubica, Milan, 1958-